000 00655nam a2200241Ia 4500
003 OSt
005 20221006145436.0
006 a|||||r|||| 00| 0
007 ta
008 221006b |||||||| |||| 00| 0 eng d
020 _c
_12.00
024 _a14,831
037 _cTextual
040 _aEASL
_cEASL
_beng
041 _2eng
_aeng
082 _aO41,3xN1, 111L4
100 _aISAACS Harold R Ed.
_9109094
245 0 _aStraw sandals
_b Chinese short stories 1918-1933
260 _aLondon
_bMIT Press
_c1974
300 _a444p.
_ccm.
942 _hO41,3xN1, 111L4
_cTEXL
_2CC
999 _c1082917
_d1082917